সেই নিরালা প্রান্তর / (Record no. 48551)
[ view plain ]
| 000 -LEADER | |
|---|---|
| fixed length control field | 01029nam a2200253 a 4500 |
| 001 - CONTROL NUMBER | |
| control field | 48551 |
| 003 - CONTROL NUMBER IDENTIFIER | |
| rucl marc code | BD-RjUL |
| 005 - DATE AND TIME OF LATEST TRANSACTION | |
| control field | 20211209054538.0 |
| 008 - FIXED-LENGTH DATA ELEMENTS--GENERAL INFORMATION | |
| fixed length control field | 160814s1933 bg ||||| |||| 00| d ben d |
| 020 ## - INTERNATIONAL STANDARD BOOK NUMBER | |
| Terms of availability | : Tk. 2.00 |
| 035 ## - SYSTEM CONTROL NUMBER | |
| System control number | (BD-RjUL)48670 |
| 040 ## - CATALOGING SOURCE | |
| Original cataloging agency | BD-RjUL |
| Language of cataloging | ben |
| Transcribing agency | BD-RjUL |
| 041 ## - LANGUAGE CODE | |
| Language code of text/sound track or separate title | ben |
| 082 ## - DEWEY DECIMAL CLASSIFICATION NUMBER | |
| Edition number | 23 |
| Classification number | 812 |
| Author mark and year | ONS 1933 |
| 100 ## - MAIN ENTRY--PERSONAL NAME | |
| Personal name | ও'নীল, ইউজীন |
| 9 (RLIN) | 146724 |
| 245 10 - TITLE STATEMENT | |
| Title | সেই নিরালা প্রান্তর / |
| Statement of responsibility, etc. | ইউজীন ও'নীল ; অনুবাদ কবীর চৌধুরী |
| 260 ## - PUBLICATION, DISTRIBUTION, ETC. (IMPRINT) | |
| Place of publication, distribution, etc. | চট্টগ্রাম : |
| Name of publisher, distributor, etc. | শাহিন বানু, |
| Date of publication, distribution, etc. | ১৯৩৩ |
| 300 ## - PHYSICAL DESCRIPTION | |
| Pagination | [৮], ২৪৬ পৃ. ; |
| Size | ১৯ সেমি |
| 500 ## - GENERAL NOTE | |
| General note | [১৯৩৬ সালের নোবেল সাহিত্য পুরস্কার প্রাপ্ত] |
| 650 ## - SUBJECT ADDED ENTRY--TOPICAL TERM | |
| Topical term or geographic name as entry element | আমেরিকান নাটক |
| 9 (RLIN) | 146633 |
| Topical term or geographic name as entry element | American Drama |
| 9 (RLIN) | 146634 |
| 700 ## - ADDED ENTRY--PERSONAL NAME | |
| Personal name | চৌধুরী, কবীর, অনুবাদক |
| 942 ## - ADDED ENTRY ELEMENTS (KOHA) | |
| Source of classification or shelving scheme | Dewey Decimal Classification |
| Koha item type | Books |
| Lost status | Source of classification or shelving scheme | Damaged status | Not for loan | Collection code | Permanent Location | Current Location | Shelving location | Date acquired | Source of acquisition | Cost, normal purchase price | Total Checkouts | Full call number | Date last seen | Date checked out | Copy number | Koha item type |
|---|---|---|---|---|---|---|---|---|---|---|---|---|---|---|---|---|
| Dewey Decimal Classification | Non-fiction | Central Library, University of Rajshahi | Central Library, University of Rajshahi | 01/02/1967 | Purchased | 2.00 | 3 | B 812 ONS 1933 | 22/02/2022 | 27/12/2021 | C-2 | Books | ||||
| Dewey Decimal Classification | Non-fiction | Central Library, University of Rajshahi | Central Library, University of Rajshahi | 01/02/1967 | Porishod | 2.00 | B 812 ONS 1933 | 19/09/2016 | C-3 | Books | ||||||
| Dewey Decimal Classification | Not For Loan | Non-fiction | Central Library, University of Rajshahi | Central Library, University of Rajshahi | Reading Room | 13/02/1967 | Nawrozre Kitabistan | 2.00 | B 812 ONS 1960 | 03/05/2017 | C-1 | Books | ||||
| Dewey Decimal Classification | Non-fiction | Central Library, University of Rajshahi | Central Library, University of Rajshahi | General Stacks | 20/04/1967 | USB | B 812 ONS 1933 | 24/04/2022 | C-4 | Books |